Die Stadt der Ritter : kriegerische Habitusformen der Elite der spätmittelalterlichen Stadt Köln

Ritter und Stadt - diese in der deutschen Forschung noch immer ungewöhnliche Kombination war ein prägnantes Merkmal des spätmittelalterlichen Köln. In der Metropole am Rhein etablierte sich im Spätmittelalter eine Elite, die einen betont ritterlichen Habitus ausprägte. In wesentlich größerer Anzahl...

Ausführliche Beschreibung

Bibliographische Detailangaben
1. Verfasser: Jansen, Markus 1988- (VerfasserIn)
Weitere Verfasser: Universität zu Köln, Böhlau-Verlag
Format: Buch
Sprache:German
Veröffentlicht: Wien Köln : Böhlau Verlag, [2024]
Mit dem übergeordneten Werk verknüpfte Titel:Stadt und Gesellschaft Band 11
Zugriff auf das übergeordnete Werk:Stadt und Gesellschaft
Schlagworte:Elite Ritter Habitus European history Europäische Geschichte Europäische Geschichte: Mittelalter HISTORY / Europe / Germany HISTORY / Medieval Medieval history Köln Geschichte 1250-1500
Umfang:571 Seiten
LEADER 01000cam a2200265 c 4500
001 1869777921
003 DE-627
005 20260206205058.0
007 tu
008 231108s2024 au ||||| m 00| ||ger c
015 |a 23,N45  |2 dnb 
015 |a 23,N45  |2 dnb 
016 7 |a 1308677693  |2 DE-101 
020 |a 9783412529413  |q Festeinband : EUR 75.00 (DE), EUR 78.00 (AT)  |9 978-3-412-52941-3 
020 |a 3412529419  |9 3-412-52941-9 
024 3 |a 9783412529413 
028 5 2 |a BVK0016398 
035 |a (DE-627)1869777921 
035 |a (DE-603)515753084 
035 |a (DE-599)DNB1308677693 
035 |a (OCoLC)1408414469 
035 |a (OCoLC)1408414469 
040 |a DE-627  |b ger  |c DE-627  |e rda 
041 |a ger 
044 |c XA-AT  |c XA-DE-NW 
072 7 |a 8554  |2 wsb 
082 0 |a 943.551402708621  |q DE-101  |2 23/ger 
082 0 4 |a 943  |a 300  |a 355  |q DE-101 
084 |a NM 7250  |q DE-14/sred  |2 rvk  |0 (DE-625)rvk/126405: 
084 |a NR 3660  |q DE-14/sred  |2 rvk  |0 (DE-625)rvk/129286: 
084 |a NM 7260  |2 rvk  |0 (DE-625)rvk/126406: 
084 |a NW 7100  |2 rvk  |0 (DE-625)rvk/132292: 
084 |a NW 7300  |2 rvk  |0 (DE-625)rvk/132294: 
084 |a 15.45  |2 bkl 
084 |a 15.53  |2 bkl 
084 |a 15.33  |2 bkl 
100 1 |a Jansen, Markus  |d 1988-  |e verfasserin  |0 (DE-588)1077044828  |0 (DE-627)835862089  |0 (DE-576)445885688  |4 aut 
240 1 4 |a Die Stadt der Ritter und die siegreiche Gemeinde 
245 1 4 |a Die Stadt der Ritter  |b kriegerische Habitusformen der Elite der spätmittelalterlichen Stadt Köln  |c von Markus Jansen 
264 1 |a Wien  |a Köln  |b Böhlau Verlag  |c [2024] 
264 4 |c © 2024 
300 |a 571 Seiten  |b Illustrationen, Diagramme 
336 |a Text  |b txt  |2 rdacontent 
337 |a ohne Hilfsmittel zu benutzen  |b n  |2 rdamedia 
338 |a Band  |b nc  |2 rdacarrier 
490 1 |a Stadt und Gesellschaft  |v Band 11 
500 |a Titel der Dissertation: Die Stadt der Ritter und die siegreiche Gemeinde : Dynamiken kriegerischer Habitusformen und Narrative innerhalb der Kölner Elite des Spätmittelalters 
500 |a Überarbeitete Version der Promotionsschrift 
500 |a Literatuverzeichnis: Seite 497-551 
502 |b Dissertation  |c Universität zu Köln  |d 2021 
520 |a Ritter und Stadt - diese in der deutschen Forschung noch immer ungewöhnliche Kombination war ein prägnantes Merkmal des spätmittelalterlichen Köln. In der Metropole am Rhein etablierte sich im Spätmittelalter eine Elite, die einen betont ritterlichen Habitus ausprägte. In wesentlich größerer Anzahl als bisher bekannt wurden Kölner zu Rittern geschlagen, zogen gerüstet zu Pferd auf die Schlachtfelder Europas oder erwarben Burgen und Herrschaftsrechte auf dem Land. Das Buch untersucht die Geschichte dieser ritterlichen Bürger, berichtet von ihrem Aufstieg und ihrem Fall, ihren Wandlungen und ihrem Nachleben. Das ritterliche Köln ist eng mit der Herrschaft der sogenannten Geschlechter im 13. und 14. Jahrhundert verbunden. Ihr Sturz im Jahr 1396 brachte neue Familien an die Macht, die ihrerseits auch auf die in der Stadt etablierten Narrative und Habitusformen reagierten und neue Herrschaftsformen etablierten. Mit einem vergleichenden Blick auf Bürgertum, Rittertum und Kriegswesen werden kultur- und sozialgeschichtliche Beobachtungen mit stadt- sowie militärgeschichtlichen Perspektiven verbunden. Für den Zeitraum vom 13. bis ins frühe 16. Jahrhundert entsteht so ein neues Bild einer weitvernetzten städtischen Elite, die stärker als bislang angenommen in die Welt des Landadels eingebunden war 
648 7 |a Geschichte 1250-1500  |2 gnd 
650 0 7 |0 (DE-588)4014457-4  |0 (DE-627)106340115  |0 (DE-576)208907858  |a Elite  |2 gnd 
650 0 7 |0 (DE-588)4050152-8  |0 (DE-627)104649631  |0 (DE-576)209085835  |a Ritter  |2 gnd 
650 0 7 |0 (DE-588)4022724-8  |0 (DE-627)106307347  |0 (DE-576)20894544X  |a Habitus  |2 gnd 
650 4 |a European history 
650 4 |a Europäische Geschichte 
650 4 |a Europäische Geschichte: Mittelalter 
650 4 |a HISTORY / Europe / Germany 
650 4 |a HISTORY / Medieval 
650 4 |a Medieval history 
651 7 |0 (DE-588)4031483-2  |0 (DE-627)106265458  |0 (DE-576)208992669  |a Köln  |2 gnd 
651 4 |a Deutschland 
651 4 |a Europa 
651 4 |a Europe 
651 4 |a Germany 
655 7 |a Hochschulschrift  |0 (DE-588)4113937-9  |0 (DE-627)105825778  |0 (DE-576)209480580  |2 gnd-content 
689 0 0 |D g  |0 (DE-588)4031483-2  |0 (DE-627)106265458  |0 (DE-576)208992669  |a Köln  |2 gnd 
689 0 1 |D s  |0 (DE-588)4014457-4  |0 (DE-627)106340115  |0 (DE-576)208907858  |a Elite  |2 gnd 
689 0 2 |D s  |0 (DE-588)4050152-8  |0 (DE-627)104649631  |0 (DE-576)209085835  |a Ritter  |2 gnd 
689 0 3 |D s  |0 (DE-588)4022724-8  |0 (DE-627)106307347  |0 (DE-576)20894544X  |a Habitus  |2 gnd 
689 0 4 |A z  |2 gnd  |a Geschichte 1250-1500 
689 0 |5 DE-101 
689 1 0 |D g  |0 (DE-588)4031483-2  |0 (DE-627)106265458  |0 (DE-576)208992669  |a Köln  |2 gnd 
689 1 1 |D s  |0 (DE-588)4050152-8  |0 (DE-627)104649631  |0 (DE-576)209085835  |a Ritter  |2 gnd 
689 1 2 |D s  |0 (DE-588)4022724-8  |0 (DE-627)106307347  |0 (DE-576)20894544X  |a Habitus  |2 gnd 
689 1 3 |A z  |2 gnd  |a Geschichte 1250-1500 
689 1 |5 (DE-627) 
710 2 |a Universität zu Köln  |e Grad-verleihende Institution  |0 (DE-588)2024231-1  |0 (DE-627)102157510  |0 (DE-576)191768537  |4 dgg 
710 2 |a Böhlau-Verlag  |e Verlag  |0 (DE-588)2005806-8  |0 (DE-627)101534051  |0 (DE-576)191613037  |4 pbl 
751 |a Köln  |0 (DE-588)4031483-2  |0 (DE-627)106265458  |0 (DE-576)208992669  |4 uvp 
776 1 |z 9783412529420  |c (ebook) 
776 1 |z 9783412529437  |c (ebook) 
776 0 8 |i Erscheint auch als  |n Online-Ausgabe  |t Die Stadt der Ritter  |b 1. Auflage  |d Wien : Böhlau Verlag, 2024  |h 1 Online-Ressource (571 Seiten)  |w (DE-627)1884933963  |z 9783412529437 
830 0 |a Stadt und Gesellschaft  |v Band 11  |9 11  |w (DE-627)388807105  |w (DE-576)097113123  |w (DE-600)2148448-X  |x 2748-338X  |7 am 
856 4 2 |u https://www.dietmardreier.de/annot/564C42696D677C7C393738333431323532393431337C7C434F50.jpg?sq=1  |x Verlag  |3 Cover  |7 1 
856 4 2 |u https://d-nb.info/1308677693/04  |m B:DE-101  |q application/pdf  |x Verlag  |3 Inhaltsverzeichnis  |7 1 
912 |a GBV_ILN_11 
912 |a ISIL_DE-1a 
912 |a SYSFLAG_1 
912 |a GBV_KXP 
912 |a GBV_ILN_21 
912 |a ISIL_DE-46 
912 |a GBV_ILN_22 
912 |a ISIL_DE-18 
912 |a GBV_ILN_24 
912 |a ISIL_DE-8 
912 |a GBV_ILN_24_f040 
912 |a GBV_ILN_31 
912 |a ISIL_DE-27 
912 |a GBV_ILN_40 
912 |a ISIL_DE-7 
912 |a GBV_ILN_40_i053 
912 |a GBV_ILN_50 
912 |a ISIL_DE-23 
912 |a GBV_ILN_60 
912 |a ISIL_DE-705 
912 |a GBV_ILN_62 
912 |a ISIL_DE-28 
912 |a GBV_ILN_70 
912 |a ISIL_DE-89 
912 |a GBV_ILN_130 
912 |a ISIL_DE-700 
912 |a GBV_ILN_350 
912 |a ISIL_DE-2795 
912 |a GBV_ILN_350_ 
912 |a GBV_ILN_730 
912 |a GBV_ILN_737 
912 |a GBV_ILN_2001 
912 |a ISIL_DE-21 
912 |a GBV_ILN_2003 
912 |a ISIL_DE-25 
912 |a GBV_ILN_2005 
912 |a ISIL_DE-291 
912 |a GBV_ILN_2006 
912 |a ISIL_DE-14 
912 |a GBV_ILN_2007 
912 |a ISIL_DE-352 
912 |a GBV_ILN_2011 
912 |a ISIL_DE-16 
912 |a GBV_ILN_2012 
912 |a ISIL_DE-16-34 
912 |a GBV_ILN_2018 
912 |a ISIL_DE-31 
912 |a GBV_ILN_2030 
912 |a ISIL_DE-77 
912 |a ISIL_DE-77-004 
912 |a GBV_ILN_2046 
912 |a ISIL_DE-N1 
912 |a GBV_ILN_2056 
912 |a ISIL_DE-2491 
936 r v |a NM 7250  |b Einzelbeiträge  |k Geschichte  |k Geschichte des Mittelalters  |k Abendländische Geschichte im Mittelalter nach Zeitabschnitten  |k Spätmittelalter (1250 - 1519)  |k Einzelbeiträge  |0 (DE-627)1271462575  |0 (DE-625)rvk/126405:  |0 (DE-576)201462575 
936 r v |a NR 3660  |b Köln  |k Geschichte  |k Landes- und Stadtgeschichte (Allgemeine, Deutsche und Österreichische Landes- und Stadtgeschichte, Ausländische Stadtgeschichte, Geschichte der Auslanddeutschen)  |k Deutsche Landesgeschichte im Einzelnen (einschl. ehemaliger deutscher Gebiete)  |k Niederrhein, Nordrhein-Westfalen  |k Stadtgeschichte  |k Einzelne Städte  |k Köln  |0 (DE-627)1270990675  |0 (DE-625)rvk/129286:  |0 (DE-576)200990675 
936 r v |a NM 7260  |b Kirchengeschichte, Geistes- und Kulturgeschichte  |k Geschichte  |k Geschichte des Mittelalters  |k Abendländische Geschichte im Mittelalter nach Zeitabschnitten  |k Spätmittelalter (1250 - 1519)  |k Kirchengeschichte, Geistes- und Kulturgeschichte  |0 (DE-627)1271462583  |0 (DE-625)rvk/126406:  |0 (DE-576)201462583 
936 r v |a NW 7100  |b Adel, Ritter, Ministerialität  |k Geschichte  |k Wirtschafts- und Sozialgeschichte  |k Spezielle Sozialgeschichte  |k Einzelne Stände und Gesellschaftsgruppen  |k Adel, Ritter, Ministerialität  |0 (DE-627)1271310694  |0 (DE-625)rvk/132292:  |0 (DE-576)201310694 
936 r v |a NW 7300  |b Patriziat  |k Geschichte  |k Wirtschafts- und Sozialgeschichte  |k Spezielle Sozialgeschichte  |k Einzelne Stände und Gesellschaftsgruppen  |k Patriziat  |0 (DE-627)1271540835  |0 (DE-625)rvk/132294:  |0 (DE-576)201540835 
936 b k |a 15.45  |j Geschichte der deutschen Länder und Städte: Allgemeines  |0 (DE-627)181571501 
936 b k |a 15.53  |j Nordrhein-Westfalen  |x Geschichte  |0 (DE-627)181571595 
936 b k |a 15.33  |j Hoch- und Spätmittelalter  |0 (DE-627)181571560 
936 s n |a n100  |2 mzub 
936 s n |a m200  |2 mzub 
936 s n |a m100  |2 mzub 
951 |a BO 
953 |2 045F  |a 943.551402708621 
980 |2 11  |1 01  |x 0001  |b 451667890X  |c 00  |f 2  |d 10 A 180658  |e u  |j --%%--  |y k  |z 15-05-24 
980 |2 21  |1 01  |x 0046  |b 450303054X  |c 00  |f E03  |d a hil 750 kol/801  |e u  |j --%%--  |y zza  |z 29-04-24 
980 |2 22  |1 01  |x 0018  |b 455106551X  |c 00  |f SUB-SB  |d A 2024/2451  |e u  |j --%%--  |y zu  |z 15-07-24 
980 |2 24  |1 01  |x 0008  |b 4510528620  |c 00  |f 8/040  |d Ml 8545  |e i  |j --%%--  |h ha  |y zf040  |z 11-04-24 
980 |2 31  |1 01  |x 0027  |b 4539982265  |c 00  |f J 23  |d HIS:UQ:980:k775::2024  |e d  |j --%%--  |y z  |z 19-06-24 
980 |2 40  |1 01  |x 0007  |b 4491055319  |c 00  |f FMAG  |d 2024 A 26968  |e u  |j --%%--  |h böhlau 2024  |y ksn  |z 19-03-24 
980 |2 40  |1 02  |x 0007  |b 4496053322  |c 00  |f BBK-HIST  |d D V 5796  |e i  |j --%%--  |c 09  |f --%%--  |d 2024 A 200  |e --%%--  |j --%%--  |y zi053  |z 25-03-24 
980 |2 50  |1 01  |x 0023  |b 4549426497  |c 00  |f --%%--  |d 74.2569  |e u  |j --%%--  |k Beschafft aus Mitteln der Carl Friedrich von Siemens Stiftung  |y k  |z 28-10-24 
980 |2 60  |1 01  |x 0705  |b 4583768400  |c 00  |f PAE  |d HIL 278.1:YD0005-011  |e u  |j --%%--  |y z  |z 02-06-25 
980 |2 62  |1 01  |x 0028  |b 4698123429  |c 00  |f 28/BB2  |d NR 3660 J35  |e u  |j --%%--  |h ACQ  |y z  |z 08-04-25 
980 |2 70  |1 80  |x 89/19  |b 4551977535  |c 00  |f FBSBB  |d Hist 8337/6290  |e u  |j --%%--  |y ksg  |z 29-10-24 
980 |2 130  |1 01  |x 0700  |b 4583054440  |c 00  |f B  |d LVC 6278-440 3  |e u  |j --%%--  |y kb  |z 25-11-24 
980 |2 350  |1 01  |x 8293  |b 4775401599  |c 00  |f MAG1  |d Dg 845.8  |e i  |j --%%--  |y z  |z 23-09-25 
980 |2 730  |1 01  |x 4730  |b 4945637245  |c 00  |f --%%--  |d Y-D58/11  |e i  |j --%%--  |y z  |z 30-03-26 
980 |2 737  |1 01  |x 4737/0002  |b 4500320687  |c 00  |f hko-bib  |d 25 R 6  |e u  |j --%%--  |y zhko  |z 14-03-24 
980 |2 2001  |1 01  |x DE-21  |b 4484564300  |c 00  |f --%%--  |d 64 A 1080  |e --%%--  |j --%%--  |y l01  |z 15-02-24 
980 |2 2003  |1 01  |x DE-25  |b 4495815237  |c 00  |f --%%--  |d GE 2024/1642  |e --%%--  |j --%%--  |y l01  |z 05-03-24 
980 |2 2005  |1 01  |x DE-291  |b 4583020996  |c 00  |f --%%--  |d 2025-674  |e --%%--  |j --%%--  |y l01  |z 24-09-24 
980 |2 2006  |1 01  |x DE-14  |b 4484983273  |c 00  |f --%%--  |d --%%--  |e --%%--  |j --%%--  |y l01  |z 15-02-24 
980 |2 2007  |1 01  |x DE-352  |b 4551598240  |c 00  |f --%%--  |d --%%--  |e --%%--  |j --%%--  |y l01  |z 16-07-24 
980 |2 2011  |1 01  |x DE-16  |b 4499608929  |c 00  |f --%%--  |d 2024 A 2191  |e --%%--  |j --%%--  |y l01  |z 12-03-24 
980 |2 2012  |1 01  |x DE-16-34  |b 4597197877  |c 00  |f --%%--  |d Pe 437,2  |e p  |j --%%--  |y l01  |z 17-10-24 
980 |2 2018  |1 01  |x DE-31  |b 4552968475  |c 00  |f --%%--  |d --%%--  |e --%%--  |j l  |y l01  |z 18-07-24 
980 |2 2030  |1 01  |x DE-77  |b 4909060855  |c 00  |f RVK-Aufstellung  |d 200 NR 3660 J35  |e --%%--  |j l  |h FNZ  |y l01  |z 05-08-25 
980 |2 2030  |1 02  |x DE-77-004  |b 4909060863  |c 00  |f --%%--  |d 200 NR 3660 J35  |e --%%--  |j n  |h 088  |y l02  |z 26-06-25 
980 |2 2046  |1 01  |x DE-N1  |b 4639967519  |c 00  |f --%%--  |d --%%--  |e p  |j --%%--  |y l01  |z 27-12-24 
980 |2 2056  |1 01  |x DE-2491  |b 4583687168  |c 00  |f --%%--  |d Kb 2283 b  |e --%%--  |j n  |y l01  |z 26-09-24 
983 |2 21  |1 00  |x DE-46  |8 30  |a hil 750 kol 
983 |2 21  |1 00  |x DE-46  |8 99  |a 24 
983 |2 31  |1 00  |x DE-27  |8 00  |a HIS:UQ:980 
983 |2 40  |1 00  |x DE-7  |8 00  |0 (DE-627)621353655  |a PIE 300  |b Gesellschaft {Deutsche Geschichte: 1250-1500} 
983 |2 40  |1 00  |x DE-7  |8 01  |0 (DE-627)62135662X  |a PJR 700  |b Stadt- und Ortsgeschichte {Deutsche Geschichte : Nordrhein-Westfalen} 
983 |2 60  |1 00  |x DE-705  |8 04  |a HIL 278.1 
983 |2 70  |1 00  |x DE-89  |8 40  |a Hist 8337 
983 |2 130  |1 01  |x 0700  |8 00  |a LVC 
983 |2 130  |1 01  |x 0700  |8 01  |a LVF K 
983 |2 130  |1 01  |x 0700  |8 02  |a LVA 
983 |2 130  |1 01  |x 0700  |8 03  |a LUX M 
984 |2 11  |1 01  |x 0001  |a 171700985010 
984 |2 21  |1 01  |x 0046  |a 46$0009169350 
984 |2 22  |1 01  |x 0018  |a 951035478 
984 |2 24  |1 01  |x 0008  |a 8$0022914609 
984 |2 31  |1 01  |x 0027  |a 27$032398670 
984 |2 40  |1 01  |x 0007  |a 7$23900910X 
984 |2 40  |1 02  |x 0007  |a 7$239064550 
984 |2 50  |1 01  |x 0023  |a 23$14195496 
984 |2 60  |1 01  |x 0705  |a 705/0$19206372 
984 |2 62  |1 01  |x 0028  |a 28$016448634 
984 |2 70  |1 80  |x 89/19  |a 89$145874354 
984 |2 130  |1 01  |x 0700  |a 700$62784403 
984 |2 350  |1 01  |x 8293  |a 9783412529413 
984 |2 2011  |1 01  |x DE-16  |a 107167605 
984 |2 2012  |1 01  |x DE-16-34  |a 608024684 
985 |2 21  |1 01  |x 0046  |a 2024-03238 
985 |2 24  |1 01  |x 0008  |a 120/2024 
985 |2 31  |1 01  |x 0027  |a U727505 
985 |2 50  |1 01  |x 0023  |a 74/002569 
985 |2 60  |1 01  |x 0705  |a 2024 03705 
985 |2 62  |1 01  |x 0028  |a 2025.01976 
985 |2 70  |1 80  |x 89/19  |a BBG 2024-0607 
985 |2 350  |1 01  |x 8293  |a 2025/1129 
985 |2 730  |1 01  |x 4730  |a 2026/6 
985 |2 737  |1 01  |x 4737/0002  |a 14811 
985 |2 2012  |1 01  |x DE-16-34  |a GE-2400616 
995 |2 24  |1 01  |x 0008  |a ha 
995 |2 40  |1 01  |x 0007  |a böhlau 2024 
995 |2 62  |1 01  |x 0028  |a ACQ 
995 |2 2030  |1 01  |x DE-77  |a FNZ 
995 |2 2030  |1 02  |x DE-77-004  |a 088 
998 |2 31  |1 01  |x 0027  |a HIS 202408 
998 |2 40  |1 01  |x 0007  |0 2024-03 
998 |2 40  |1 02  |x 0007  |0 2024-03 
998 |2 737  |1 01  |x 4737/0002  |0 2024-03-14 
998 |2 2001  |1 01  |x DE-21  |0 2402  |f 25 
998 |2 2003  |1 01  |x DE-25  |0 2415  |f 39a 
998 |2 2005  |1 01  |x DE-291  |0 2501  |f 1GESCHP